Java: cómo programar

Guardat en:
Dades bibliogràfiques
Autors principals: Deitel, Paul J (Autor), Deitel, Harvey (Autor)
Format: Llibre
Idioma:espanyol
Publicat: Cuernavaca Pearson Educación 2012
Edició:9a. ed
Matèries:
Etiquetes: Afegir etiqueta
Sense etiquetes, Sigues el primer a etiquetar aquest registre!

MARC

LEADER 00000cam a2200000 a 4500
001 UCC7557
003 CL-VaPUC
008 190412e20120000mx |||||||||||||||||spa|d
020 |a 9786073211505 
082 0 4 |a 005.133  |b DEI  |2 21 
100 0 |a Deitel, Paul J  |e author  |9 602200 
700 0 |a Deitel, Harvey  |e author  |9 602201 
245 1 0 |a Java: cómo programar 
250 |a 9a. ed 
300 |a 468 p 
942 |c BK 
945 |d 20190412 13:45:00  |a dcastane 
260 |a Cuernavaca  |b Pearson Educación  |c 2012 
650 0 |a Java  |9 370043 
650 0 |a Lenguajes de programación   |9 259458 
650 7 |a LENGUAJES DE COMPUTACION  |2 CL-VaPUC  |9 345215 
650 0 |a Programación orientada a objetos  |9 549843 
583 |a last modification  |c 20190412 13:45:00  |k Rodrigo Vera 
999 |c 374169  |d 374167 
952 |0 0  |1 0  |3 erb  |4 0  |6 005_133000000000000_DEI_2012  |7 0  |8 A  |9 492635  |a BIBING  |b BIBING  |i 5542928  |l 1  |o 005.133 DEI 2012  |p 5542928  |r 2025-01-20  |s 2024-10-16  |w 2019-11-24  |y BK  |z Catalogado en:20190412  |k CCI 
952 |0 0  |1 0  |3 erb  |4 0  |6 005_133000000000000_DEI_2012  |7 0  |8 A  |9 492636  |a BIBING  |b BIBING  |i 554291K  |l 7  |o 005.133 DEI 2012  |p 554291K  |r 2025-01-20  |s 2024-09-03  |w 2019-11-24  |y BK  |z Catalogado en:20190412  |k CCI 
952 |0 0  |1 0  |3 erb  |4 0  |6 005_133000000000000_DEI_2012  |7 0  |8 A  |9 492637  |a BIBING  |b BIBING  |i 5542901  |l 1  |o 005.133 DEI 2012  |p 5542901  |r 2025-01-20  |s 2024-04-24  |w 2019-11-24  |y BK  |z Catalogado en:20190412  |k CCI